LEADER 01172nam0 22003253i 450 001 MO10017108 005 20231121125553.0 010 $a9788863200560 100 $a20181211d2009 ||||0itac50 ba 101 | $aita 102 $ait 181 1$6z01$ai $bxxxe 182 1$6z01$an 200 1 $aCanzone$fSalvatore Di Giacomo$gedizione critica a cura di Toni Iermano 210 $aAtripalda$cMephite$dc2009 215 $a208 p.$cill.$d21 cm. 225 | $a˜La œbiblioteca di St. James$v6 410 0$1001NAP0374969$12001 $a˜La œbiblioteca di St. James$v6 676 $a851.912$9POESIA ITALIANA. 1900-1945$v21 700 1$aDi Giacomo$b, Salvatore$f <1860-1934>$3CFIV037310$4070$03248 702 1$aIermano$b, Toni$3CFIV029761 790 1$aIermano$b, Antonio$3CFIV337033$zIermano, Toni 801 3$aIT$bIT-01$c20181211 850 $aIT-FR0017 899 $aBiblioteca umanistica Giorgio Aprea$bFR0017 $eN 912 $aMO10017108 950 0$aBiblioteca umanistica Giorgio Aprea$d 52MAG 1/673$e 52FLS0000370135 VMB RS $fA $h20181211$i20181211 977 $a 52 996 $aCanzone$93611146 997 $aUNICAS LEADER 00929nam0 22002651i 450 001 UON00339687 005 20231205104253.726 100 $a20091020d1951 |0itac50 ba 101 $ager 102 $aDE 105 $a|||| 1|||| 200 1 $aBriefe$fvon Hermann Hesse 210 $aBerlin und Frankfurt am Main$cSuhrkamp$d1951 215 $a431 p.$d19 cm. 620 $aDE$dBerlin$3UONL003157 620 $aDE$dFrankfurt am Main$3UONL003175 676 $a836$cLetteratura tedesca. Lettere$v21 700 1$aHESSE$bHermann$3UONV111141$0131876 712 $aSuhrkamp$3UONV260759$4650 801 $aIT$bSOL$c20240220$gRICA 899 $aSIBA - SISTEMA BIBLIOTECARIO DI ATENEO$2UONSI 912 $aUON00339687 950 $aSIBA - SISTEMA BIBLIOTECARIO DI ATENEO$dSI TED 25 I HES 04 $eSI ST 5356 5 04 996 $aBriefe$91362559 997 $aUNIOR